000 00348pam a2200157a 44500
008 230515b2000 xxu||||| |||| 00| 0 eng d
020 _aNULL
041 _aENGL
082 _a621.8/ BEV
100 _aBEVAN T.
245 _aTHE THEORY OF MACHINES (BEV)
250 _aN.D.
260 _aNULL
_bC.B.S
_c2000
300 _a619 PB
650 _aNULL
999 _c634157
_d634157